01909nam a2200253Ia 450000500170000000800410001702000110005804000190006904100120008808200160010024500930011626000380020930000100024750409350025765000300119265100220122270000320124485000100127694200070128699900170129395201150131095201160142595201140154120230220134019.0131103s9999 xx 000 0 und d cRs 150 aLoreto College aEnglish a821(I)bSEN aIndo-Anglian Poetryb a collection of critical essays cEdited by Pradip Ranjan Sengupta aKolkatabReview Publicationc2008 a262p  aContents: Forword by Dr Chidananda Bhattacharya; Introduction by Dr. Pradip Ranjan Sengupta; Henry Louis Vivian Derozio by Dr. Amzed Hossein; Michael Madhusudan Dutt by Saurabh Bhattacharya; Toru Dutt: A lyrical life by Dr Debashish Chattopadhyay; Rabindranath Tagore by Dr Sudeshna Kar Barua; Swami Vivekananda by Prof Narayan :Saha; Monmohan Ghosh by Rituparna Dutta;Sri Aurobindo: the Poet by Dr. Dilip Kumar Chatterjee; The poetry of Sarojini Naidu By Dr Santosh Chakraborti; Shiv K Kumar by Sumana De; Nissim Ezekiel by Dr Pradip Ranjan Sengupata;The poetry of Jayanta Mahapatra by Subrata Sar;P Lal by Sumana De; A K Ramanujan: The poet of self tradition and modernity by Arnab Ray; Kamala Das by Dr Sumita Banerjee; A study of R Parthasarathy's poetry by Dr Jolly Das;Keki N Daruwalla by Sumana De; Jibanananda Das by Dr Gautam Sengupta; Udipi R Ananthamurthy by Saurabh Bhattacharya; Harvansh Rai Bachchan by Ranjan Mondal aIndian Writing in English aPoetry in English aSengupta, Pradip Ranjan, ed aLCLIB cBK c20606d71085 00102ddc4070aMAINbMAINd2013-11-04l7o821(I) SEN 46868pB22529r2023-05-03s2023-04-24w2013-11-04yBKf 00102ddc4070aMAINbMAINd2013-11-04l10o821(I) SEN 46867pB22530r2022-04-01s2022-04-01w2013-11-04yBKf 00104070aMAINbMAINd2013-11-04l0o821(I)/SEN LCLIB/46867,46868,46869pB22531r2013-11-04w2013-11-04yBK